| 000 | 00478nam a2200157Ia 4500 | ||
|---|---|---|---|
| 008 | 150610s9999 xx 000 0 und d | ||
| 020 | _a9780375836671 | ||
| 050 |
_aPZ7 _b.Z89m 2005 |
||
| 100 | _aZusak, Markus | ||
| 245 |
_aI am the messenger / _cMarkus Zusak. |
||
| 260 |
_aNew York : _b Alfred A. Knopf : Distributed by Random House, _c2005. |
||
| 300 |
_a357pages ; _c22 cm. |
||
| 520 | _aFiction. | ||
| 650 |
_aHeroes _xFiction. |
||
| 650 |
_aTaxicab drivers _xFiction. |
||
| 999 |
_c287826 _d287826 |
||